书目信息 |
| 题名: |
PCR理论与技术
|
|
| 作者: | 王廷华 , 景强 , 迪比 主编 | |
| 分册: | ||
| 出版信息: | 北京 科学出版社 2005 |
|
| 页数: | 177页 | |
| 开本: | 26cm | |
| 丛书名: | 21世纪生物技术丛书 | |
| 单 册: | ||
| 中图分类: | Q555 | |
| 科图分类: | ||
| 主题词: | 聚合酶--链式反应 , 聚合酶 , 链式反应 | |
| 电子资源: | ||
| ISBN: | 7-03-014644-1 | |
| 000 | 01061nam0 2200313 450 | |
| 000 | 01067nam0 2200313 450 | |
| 000 | 01000nam0 2200289 450 | |
| 000 | 00963nam0 2200277 45 | |
| 005 | 20070528134503.75 | |
| 010 | @a7-03-014644-1@dCNY34.80 | |
| 100 | @a20070418d2005 em y0chiy0120 ea | |
| 101 | 1 | @achi@cfre |
| 102 | @aCN@b110000 | |
| 105 | @ay z 000yy | |
| 200 | 1 | @aPCR理论与技术@APCR Li Lun Yu Ji Shu@f王廷华,景强,(法)Pierre Dubus主编@FWang Ting Hua, Jing Qiang, ( Fa )Pierre Dubus Zhu Bian |
| 210 | @a北京@c科学出版社@d2005 | |
| 215 | @a177页@c图@d26cm | |
| 225 | 2 | @a21世纪生物技术丛书 |
| 330 | @a全书分12章,介绍了PCR的基本理论与技术操作方法及可能遇到的各种问题的处理以及PCR相关技术的应用。 | |
| 410 | 0 | @12001 @a21世纪生物技术丛书 |
| 606 | 0 | @a聚合酶@x链式反应 |
| 606 | 0 | @a聚合酶 |
| 606 | 0 | @a链式反应 |
| 690 | @aQ555@v4 | |
| 701 | 0 | @a王廷华@AWang Ting Hua@4主编 |
| 701 | 0 | @a景强@AJing Qiang@4主编 |
| 701 | 1 | @c(法)@a迪比@ADi Bi@g(Dubus, Pierre)@4主编 |
| 801 | 0 | @aCN@bTAOJIN@c20070528 |
| 905 | @a10447@dQ555@e134 | |
| PCR理论与技术/王廷华,景强,(法)Pierre Dubus主编.-北京:科学出版社,2005 |
| 177页:图;26cm.-(21世纪生物技术丛书) |
| ISBN 7-03-014644-1:CNY34.80 |
| 全书分12章,介绍了PCR的基本理论与技术操作方法及可能遇到的各种问题的处理以及PCR相关技术的应用。 |
| ● |
| 相关链接 |
|
|
|
|
正题名:PCR理论与技术
索取号:Q555/134
 
预约/预借
| 序号 | 登录号 | 条形码 | 馆藏地/架位号 | 状态 | 备注 |
| 1 | 0523377 | 205233772 | 第二样本阅览室/ [索取号:Q555/134] | 在馆 | |
| 2 | 0523378 | 205233781 | 第三借阅区/ [索取号:Q555/134] | 在馆 | |
| 3 | 0523379 | 205233790 | 第三借阅区/ [索取号:Q555/134] | 在馆 | |
| 4 | 0523380 | 205233807 | 第三借阅区/ [索取号:Q555/134] | 在馆 | |
| 5 | 0523381 | 205233816 | 第三借阅区/ [索取号:Q555/134] | 在馆 |